300 (Record no. 18096)
[ view plain ]
| 000 -LEADER | |
|---|---|
| fixed length control field | 01652cgm a22003977a 4500 |
| 005 - DATE AND TIME OF LATEST TRANSACTION | |
| control field | 20140310154248.0 |
| 007 - PHYSICAL DESCRIPTION FIXED FIELD--GENERAL INFORMATION | |
| fixed length control field | vd cgaizm |
| 008 - FIXED-LENGTH DATA ELEMENTS--GENERAL INFORMATION | |
| fixed length control field | 140306t2007 xxu111 e |||| 0| vceng d |
| 020 ## - INTERNATIONAL STANDARD BOOK NUMBER | |
| International Standard Book Number | 7321900736626 |
| 082 04 - DEWEY DECIMAL CLASSIFICATION NUMBER | |
| Edition number | 22 |
| Classification number | 791.4372 |
| Item number | THR |
| 245 00 - TITLE STATEMENT | |
| Title | 300 |
| Medium | [videorecording] / |
| Statement of responsibility, etc | Warner Bros. Pictures, Legendary Pictures and Virtual Studios, a Mark Canton / Gianni Nunnari production, a Zack Snyder film ; produced by Gianni Nunnari ... [et al.] ; screenplay by Zack Snyder & Kurt Johnstad and Michael B. Gordon ; directed by Zack Snyder. |
| 246 3# - VARYING FORM OF TITLE | |
| Title proper/short title | Three hundred |
| 250 ## - EDITION STATEMENT | |
| Edition statement | 2.40 : 1 Widescreen. |
| 260 ## - PUBLICATION, DISTRIBUTION, ETC. (IMPRINT) | |
| Place of publication, distribution, etc | [California, United States] : |
| Name of publisher, distributor, etc | Warner Bros. Entertainment Inc., |
| Date of publication, distribution, etc | c.2007. |
| 300 ## - PHYSICAL DESCRIPTION | |
| Extent | 1 videodisc (111 min.) : |
| Other physical details | sd., col. ; |
| Dimensions | 4 3/4 in. |
| 508 ## - CREATION/PRODUCTION CREDITS NOTE | |
| Creation/production credits note | Director of photography Larry Fong ; editor William Hoy ; music Tyler Bates. |
| 511 ## - PARTICIPANT OR PERFORMER NOTE | |
| Participant or performer note | Gerard Butler, Lena Headey, David Wenham. |
| 521 ## - TARGET AUDIENCE NOTE | |
| Target audience note | Suitable only for persons of 15 years and over. |
| 650 #0 - SUBJECT ADDED ENTRY--TOPICAL TERM | |
| Topical term or geographic name as entry element | Thermopylae, Battle of, Greece, 480 B.C. |
| Form subdivision | Drama |
| 9 (RLIN) | 35436 |
| 653 ## - INDEX TERM--UNCONTROLLED | |
| -- | GGEN |
| -- | March2014 |
| 700 1# - ADDED ENTRY--PERSONAL NAME | |
| Personal name | Wenham, David, |
| 9 (RLIN) | 35437 |
| 700 1# - ADDED ENTRY--PERSONAL NAME | |
| Personal name | Headey, Lena, |
| 9 (RLIN) | 35438 |
| 700 1# - ADDED ENTRY--PERSONAL NAME | |
| Personal name | Butler, Gerard, |
| 9 (RLIN) | 35439 |
| 700 1# - ADDED ENTRY--PERSONAL NAME | |
| Personal name | Bates, Tyler |
| 9 (RLIN) | 35440 |
| 700 1# - ADDED ENTRY--PERSONAL NAME | |
| Personal name | Hoy, William |
| 9 (RLIN) | 35441 |
| 700 1# - ADDED ENTRY--PERSONAL NAME | |
| Personal name | Fong, Larry |
| 9 (RLIN) | 35442 |
| 700 1# - ADDED ENTRY--PERSONAL NAME | |
| Personal name | Snyder, Zack |
| 9 (RLIN) | 35443 |
| 700 1# - ADDED ENTRY--PERSONAL NAME | |
| Personal name | Gordon, Michael B., |
| 9 (RLIN) | 35444 |
| 700 1# - ADDED ENTRY--PERSONAL NAME | |
| Personal name | Johnstad, Kurt |
| 9 (RLIN) | 35449 |
| 700 1# - ADDED ENTRY--PERSONAL NAME | |
| Personal name | Nunnari, Gianni, |
| 9 (RLIN) | 35450 |
| 700 1# - ADDED ENTRY--PERSONAL NAME | |
| Personal name | Canton, Mark, |
| 9 (RLIN) | 35451 |
| 710 2# - ADDED ENTRY--CORPORATE NAME | |
| Corporate name or jurisdiction name as entry element | Virtual Studios |
| 9 (RLIN) | 35452 |
| 710 2# - ADDED ENTRY--CORPORATE NAME | |
| 9 (RLIN) | 35288 |
| Corporate name or jurisdiction name as entry element | Legendary Pictures |
| 710 2# - ADDED ENTRY--CORPORATE NAME | |
| 9 (RLIN) | 35255 |
| Corporate name or jurisdiction name as entry element | Warner Bros. Pictures (1969- ) |
| 942 ## - ADDED ENTRY ELEMENTS (KOHA) | |
| Source of classification or shelving scheme | Dewey Decimal Classification |
| Item type | |
| Call number prefix | 791.4372 THR |
| Withdrawn status | Lost status | Source of classification or shelving scheme | Materials specified (bound volume or other part) | Damaged status | Not for loan | Koha collection | Home library | Current library | Shelving location | Date acquired | Cost, normal purchase price | Total Checkouts | Full call number | Barcode | Date last seen | Cost, replacement price | Koha item type |
|---|---|---|---|---|---|---|---|---|---|---|---|---|---|---|---|---|---|
| Dewey Decimal Classification | Lost In Inventory_2018-08-12 | Baccah | Central Library | Central Library | Second Floor | 09/03/2014 | 138.00 | 791.4372 THR | 000035675 | 04/08/2019 | 172.50 | CD | DVD - Movie (NB) |